000 00405nam a2200181Ia 4500
001 2106
005 20260306143818.0
008 260306t2012||||xx |||||||||||||| ||spa||
041 _aESP
082 _a612.8
_bT16
100 _aTaleisnik, Samuel
_eAUT
245 0 _aNeurogénesis
260 _c2012
300 _a180 páginas :
_c25 cm.
650 _aGEN
654 _aCPS
942 _cLIB
_dJUS
_fJUS
_2ddc
_n
999 _c2106
_d2106